Formel 1 Podium 1983 - Statistiken

Allgemein
  • Dieses Quiz wurde 63 mal gespielt
  • Das Durchschnittsergebnis liegt bei 9 aus 12
Antwortstatistiken
Antwort % Korrekt
Alain Prost
100%
Nelson Piquet
98%
Niki Lauda
95%
Nigel Mansell
84%
Keke Rosberg
73%
Rene Arnoux
73%
Michele Alboreto
70%
Riccardo Patrese
68%
John Watson
59%
Patrick Tambay
59%
Andrea de Cesaris
41%
Eddie Cheever
32%
Keine übereinstimmenden Quizze gefunden
Verteilung der Resultate
Anzahl Personen mit jedem Resultat
Perzentil nach korrekt beantworteten Fragen
Ihre Resultats-Entwicklung
Sie haben dieses Quiz noch nicht gespielt